| 000 | 00734nam a22002057a 4500 | ||
|---|---|---|---|
| 999 |
_c17174 _d17174 |
||
| 003 | AR-CdUCM | ||
| 008 | 190507b ||||| |||| 00| 0 spa d | ||
| 040 |
_aMUNICIPALIDAD PROVINCIAL DEL CUSCO _cBIBLIOTECA MUNICIPAL DEL CUSCO |
||
| 082 |
_a869.56 / _bI99 |
||
| 100 |
_aIzquierdo Ríos, Francisco _91079 |
||
| 245 | _aCinco poetas y un novelista / | ||
| 260 |
_aLima : _bLabor, _c1969. |
||
| 300 |
_a158 páginas ; _c18 cm. |
||
| 505 | _aContenido: César Vallego, Ciro Alegría, Ricardo Peña, Anaximandro D. Vega, Luis Valle Goicochea y Alejandro Peralta. | ||
| 650 |
_aLiteratura peruana _9169 |
||
| 650 |
_aEscritores peruanos _9979 |
||
| 650 |
_aNovelistas peruanos _937037 |
||
| 942 |
_2ddc _cLIBROS |
||
| 945 |
_aacv _d2019-05-07 |
||